Vnější balistika raket /

Hlavní autor: Konečný, Pavel
Korporativní autor: Univerzita obrany. Katedra letecké a raketové techniky
Jazyk: Čeština
Vydáno: Brno : Univerzita obrany, 2006 [i.e. 2007]
Vydání: Vyd. 1.
Témata:
Externí odkaz: Digitalizovaný dokument
Fyzický popis: 129 s. : il. ; 30 cm
Knihy
Uloženo v:
LEADER 01966nam a2200493 a 4500
001 nkc20071708017
003 CZ PrNK
005 20070419172057.0
007 ta
008 070207s2007 xr a e p 000 0 cze
015 |a cnb001708017 
020 |a 978-80-7231-200-9  |q (brož.) :  |c Kč 79,00 
035 |a (OCoLC)124088164 
040 |a OLA001  |b cze  |d BOA001 
072 7 |a 623  |x Vojenská technika  |2 Konspekt  |9 19 
072 7 |a 37.016  |x Učební osnovy. Vyučovací předměty. Učebnice  |2 Konspekt  |9 22 
080 |a 623.419  |2 MRF 
080 |a 623.54  |2 MRF 
080 |a 531.55  |2 MRF 
080 |a (075.8)  |2 MRF 
100 1 |a Konečný, Pavel  |7 mzk2007381823  |4 aut 
245 1 0 |a Vnější balistika raket /  |c Pavel Konečný 
250 |a Vyd. 1. 
260 |a Brno :  |b Univerzita obrany,  |c 2006 [i.e. 2007] 
300 |a 129 s. :  |b il. ;  |c 30 cm 
500 |a Česko-anglický a anglicko-český slovník 
500 |a Nad názvem: Univerzita obrany, Fakulta vojenských technologií, katedra letecké a raketové techniky, S 3711 
500 |a 30 výt. 
500 |a Správné vročení v tiráži 
504 |a Obsahuje bibliografii 
650 0 7 |a raketové zbraně  |7 ph125004  |2 czenas 
650 0 7 |a vnější balistika  |7 ph352420  |2 czenas 
650 0 9 |a rockets (ordnance)  |2 eczenas 
650 0 9 |a external ballistics  |2 eczenas 
655 7 |a učebnice vysokých škol  |7 fd133772  |2 czenas 
655 9 |a textbooks (higher)  |2 eczenas 
710 2 |a Univerzita obrany.  |b Katedra letecké a raketové techniky  |7 ko2005310306 
856 4 1 |u http://www.digitalniknihovna.cz/mzk/uuid/uuid:a3c7e960-c37f-11e7-9c14-005056827e51  |y Digitalizovaný dokument  |x NDK 
910 2 |a BOA001  |b 3-1181.155 
990 |a BK 
995 |a 01 
991 |b 200703  |c NOV 
996 6 |b 2610301919  |c 3-1181.155  |l MZK  |r Sklad / do 1 hodiny  |n 1  |p p.v.  |w 000841135  |u 000010  |a 1  |e BOA001  |j MZK50  |s P 
996 7 |b 2610301920  |c 3-1181.155  |l MZK  |r Sklad / do 1 hodiny  |n 16  |p p.v.  |w 000841135  |u 000020  |a 1  |e BOA001  |j MZK50  |s A